Score 0/21 Timer 10:00
0 Plays Today
Hint Answer % Correct
He's As Bad As CanBeetlejuice
87.5%
Female BodybuilderNicole Bass
75%
Mentally Challenged; Lives In OregonGary The Retard
62.5%
Says Yes All The TimeWendy The Retard
62.5%
Overdosed On CrackCrackhead Bob
62.5%
Dresses Like UnderdogUnderdog Lady
62.5%
Is Very TanTan Mom
62.5%
Ack AckEric The Actor
50%
Dwarf That Drinks HeavilyHank The Angry Drunken Dwarf
50%
It IsBigfoot
50%
Thinks He Was Contacted By AliensRiley Martin
50%
Hint Answer % Correct
Stutters A LotJohn The Stutterer
50%
Pretends To Be Kelly ClarksonHigh Pitch Erik
37.5%
Drinks A Lot And Wears A Cowboy HatJeff The Drunk
37.5%
Goes On Crazy RantsCrazy Alice
37.5%
TranssexualSiobhan
37.5%
Clown Insult ComedianYucko The Clown
37.5%
Had To Win His Name BackBobo
37.5%
Does ImpressionsSour Shoes
37.5%
Has A Speech ImpedimentElephant Boy
25%
Member Of The Ku Klux KlanDaniel Carver
25%

You're not logged in!

Compare scores with friends on all Sporcle quizzes.
OR
Log In

Sporcle TV

Today on Sporcle TV


Watch our educational content, quiz creation guides, and fun videos on Sporcle TV.

Show Comments

Extras

Created Sep 28, 2019ReportNominate
Tags:howard, Howard Stern, Stern, wack

Top Quizzes Today


Score Distribution

Paid Content

Your Account Isn't Verified!

In order to create a playlist on Sporcle, you need to verify the email address you used during registration. Go to your Sporcle Settings to finish the process.

Report this User

Report this user for behavior that violates our Community Guidelines.

Details: